Online
Catalog
Normal view MARC view

Entry Término temático

Number of records used in: 4

001 - NÚMERO DE CONTROL

  • campo de control: 50441

003 - IDENTIFICADOR DEL NÚMERO DE CONTROL

  • campo de control: BNPHU

005 - FECHA Y HORA DE LA ÚLTIMA TRANSACCIÓN

  • campo de control: 20260313090909.0

008 - DATOS DE LONGITUD FIJA

  • campo de control de longitud fija: 200615|| aca||aabn | a|a d

040 ## - FUENTE DE LA CATALOGACIÓN

  • Centro catalogador/agencia de origen: DO-SdBNP
  • Lengua de catalogación: spa
  • Centro/agencia transcriptor: BNPHU
  • Normas de descripción: rda

150 ## - ENCABEZAMIENTO--TÉRMINO DE MATERIA

  • Término de materia o nombre geográfico como elemento de entrada: Sociedad civil

450 ## - TRAZADO DE VÉASE--TÉRMINO DE MATERIA

  • Término de materia o nombre geográfico como elemento de entrada: Civil society

550 ## - TRAZADO VÉASE ADEMÁS--TÉRMINO DE MATERIA

  • Término de materia o nombre geográfico como elemento de entrada: Contrato social
  • Subcampo de control: g

550 ## - TRAZADO VÉASE ADEMÁS--TÉRMINO DE MATERIA

  • Término de materia o nombre geográfico como elemento de entrada: Islam y sociedad civil
  • Subcampo de control: h

550 ## - TRAZADO VÉASE ADEMÁS--TÉRMINO DE MATERIA

  • Término de materia o nombre geográfico como elemento de entrada: Religión y sociedad civil
  • Subcampo de control: h

670 ## - FUENTE DE DATOS ENCONTRADOS

  • Cita de la fuente: Work cat.: (OSt)24092: Foro Ciudadano 50440, Agenda propositiva desde la sociedad civil presentada a los candidatos presidenciales, elecciones 2004 :, 2004.

670 ## - FUENTE DE DATOS ENCONTRADOS

  • Identificador Uniforme del Recurso: https://librunam.dgb.unam.mx:8443/F/S3VHIUYNL157M5883TMKENH8JM8GDL6395VSCUQF941BSNJ5S9-04605?func=full-set-set&set_number=001459&set_entry=000001&format=001 Consultado en 13 de Marzo, 2026

750 0# - ENTRADA DE ENLACE DE ENCABEZAMIENTO ESTABLECIDO--TÉRMINO DE MATERIA

  • Número de control del registro de autoridad o número normalizado: sh 90004194
  • Término de materia o nombre geográfico como elemento de entrada: Civil society

Powered by Koha